000 00931cam a22002771 4500
001 23371
003 BD-RjUL
005 20211209000925.0
008 140310s1892 nyuacf 000 0 eng d
035 _a(BD-RjUL)23436
035 _a(OCoLC)350337
040 _aDLC
_cOKentU
_dNBrockU
_dDLC
_dBD-RjUL
_beng
041 _aeng
082 0 0 _a915.3
_bTAT 1892
100 1 _aTaylor, Bayard,
_d1825-1878.
_971982
245 1 0 _aTravels in Arabia /
_ccompiled and arranged by Bayard Taylor; revised by Thomas Stevens.
260 _aNew York :
_bC. Scribner's sons,
_c1892.
300 _avi, 296 p. :
_billus. (port.), plates. ;
_c19 cm.
490 0 _aIllustrated library of travel
651 0 _aArabian Peninsula
_xDescription and travel.
_958777
700 1 _aStevens, Thomas,
_d1854-1935.
_971983
856 4 1 _uhttp://hdl.loc.gov/loc.gdc/scd0001.00196092080
942 _2ddc
_cBK
999 _c23371
_d23371